Tribhuvan University Central Library

Environmental impact assessment of Upper Trisuli 3 "A" Hydroelectric Project (Record no. 60886)

MARC details
000 -LEADER
fixed length control field 00933 a2200325 4500
003 - CONTROL NUMBER IDENTIFIER
control field OSt
005 - DATE AND TIME OF LATEST TRANSACTION
control field 20120907091917.0
008 - FIXED-LENGTH DATA ELEMENTS--GENERAL INFORMATION
fixed length control field 110703t xxu||||| |||| 00| 0 eng d
015 ## - NATIONAL BIBLIOGRAPHY NUMBER
National bibliography number NNB
040 ## - CATALOGING SOURCE
Original cataloging agency **
Transcribing agency **
041 ## - LANGUAGE CODE
Language code of text/sound track or separate title Eng
082 ## - DEWEY DECIMAL CLASSIFICATION NUMBER
Classification number 333.914
Item number En27e
110 ## - MAIN ENTRY--CORPORATE NAME
Corporate name or jurisdiction name as entry element Ministry of Energy, Dept. of Electricity Development
9 (RLIN) 22721
245 ## - TITLE STATEMENT
Title Environmental impact assessment of Upper Trisuli 3 "A" Hydroelectric Project
260 ## - PUBLICATION, DISTRIBUTION, ETC. (IMPRINT)
Place of publication, distribution, etc Kathmandu
260 ## - PUBLICATION, DISTRIBUTION, ETC. (IMPRINT)
Date of publication, distribution, etc 2010
300 x# - PHYSICAL DESCRIPTION
Extent v.p.
Other physical details illus.
362 ## - DATES OF PUBLICATION AND/OR SEQUENTIAL DESIGNATION
Dates of publication and/or sequential designation 2011-07-
500 ## - GENERAL NOTE
General note Contents : v.1. Main report - v.2. Appendices
504 ## - BIBLIOGRAPHY, ETC. NOTE
Bibliography, etc Includes bibliography
518 ## - DATE/TIME AND PLACE OF AN EVENT NOTE
Date/time and place of an event note 2011-07-04
530 ## - ADDITIONAL PHYSICAL FORM AVAILABLE NOTE
Additional physical form available note M
650 ## - SUBJECT ADDED ENTRY--TOPICAL TERM
Topical term or geographic name as entry element Environment
9 (RLIN) 1659
650 ## - SUBJECT ADDED ENTRY--TOPICAL TERM
Topical term or geographic name as entry element Environmental impact analysis
9 (RLIN) 8619
650 ## - SUBJECT ADDED ENTRY--TOPICAL TERM
Topical term or geographic name as entry element Hydrology
9 (RLIN) 4706
650 ## - SUBJECT ADDED ENTRY--TOPICAL TERM
Topical term or geographic name as entry element Environmental management
9 (RLIN) 3876
651 ## - SUBJECT ADDED ENTRY--GEOGRAPHIC NAME
Geographic name Nepal
690 ## - LOCAL SUBJECT ADDED ENTRY--TOPICAL TERM (OCLC, RLIN)
Topical term or geographic name as entry element Trisuli 3 "A" Hydroelectric Project
9 (RLIN) 22722
942 ## - ADDED ENTRY ELEMENTS (KOHA)
Koha item type N
Source of classification or shelving scheme Dewey Decimal Classification
Holdings
Withdrawn status Lost status Source of classification or shelving scheme Damaged status Not for loan Home library Current library Date acquired Total Checkouts Full call number Barcode Date last seen Price effective from Koha item type
    Dewey Decimal Classification     Tribhuvan University Central Library Tribhuvan University Central Library 07/05/2011   333.914 En27e G71661 07/05/2011 07/05/2011 N
    Dewey Decimal Classification     Tribhuvan University Central Library Tribhuvan University Central Library 07/05/2011   333.914 En27e G71660 07/05/2011 07/05/2011 N